000 00587nam a2200229Ia 4500
008 101110s9999 xx 000 0 und d
041 _aMARATHI
082 _bJR4858
100 _aMalavi Vanaraj
245 _aSamrudha Vha;Selsaman Banun
260 _c2002
_bSelf Development Pub.,Mumbai
300 _a176
365 _b110
520 _aGowande sir Interest & expenditure/2005-06
520 _aMarathi
546 _aMARATHI
630 _aSamrudha Vha;Selsaman Banun
650 _aMarathi
655 _aMarathi
730 _aSamrudha Vha;Selsaman Banun
942 _cBOOK
999 _c795670
_d795667